| 000 | 00516nam a2200157 4500 | ||
|---|---|---|---|
| 999 |
_c8431 _d8431 |
||
| 008 | 180206b xxu||||| |||| 00| 0 eng d | ||
| 020 | _a0-385-29713-0 | ||
| 082 |
_21989 _aDC 920 _bN71 |
||
| 100 |
_926112 _aNolan, Christopher |
||
| 245 |
_aUnder the eye of the clock: _bthe life story of Christopher Nolan/ _cChristopher Nolan. |
||
| 260 |
_aNew York: _bBantam Doubleday Dell Publishing Group, Inc. _c©1987. |
||
| 300 |
_aviii,163 pages; _c19 cm. |
||
| 650 | 0 |
_926113 _aBiography |
|
| 365 |
_b5.95 _c$ |
||
| 942 |
_2ddc _cDC |
||